[Event "Bizkaiko-ch Primary"]
[Site "Arrigorriagako"]
[Date "2012.??.??"]
[Round "2.11"]
[White "Albo Ruiz, Jose Martin"]
[Black "Rahm Gallarzagoitia, Ander"]
[Result "1-0"]
[WhiteElo "1922"]
[BlackElo "1807"]
[PlyCount "93"]
[EventDate "2012.10.20"]
[EventType "tourn"]
[EventRounds "6"]
[EventCountry "ESP"]
[SourceTitle "EXT 2024"]
[Source "ChessBase"]
[SourceDate "2023.10.10"]
[SourceVersion "1"]
[SourceVersionDate "2023.10.10"]
[SourceQuality "1"]

1. f4 e6 2. Nf3 Nf6 3. b3 Bc5 4. d4 Bb4+ 5. c3 Be7 6. Qc2 d5 7. e3 Ne4 8. Bd3 Bh4+ 9. g3 Be7 10. Bxe4 dxe4 11. Qxe4 Bd7 12. Nbd2 Bc6 13. Qd3 Nd7 14. e4 Nf6 15. Bb2 Ng4 16. h3 Nf6 17. Ne5 Qd6 18. 0-0-0 a5 19. a4 Bd7 20. g4 0-0 21. g5 Nh5 22. Ndc4 Qa6 23. Nxd7 Rfd8 24. Nde5 Nxf4 25. Qc2 Bxg5 26. Kb1 b5 27. axb5 Qxb5 28. Na3 Qb7 29. h4 Be7 30. Rdf1 f6 31. Rxf4 fxe5 32. dxe5 Rf8 33. Rg4 Rf7 34. Rhg1 Raf8 35. Qg2 g5 36. Rxg5+ Bxg5 37. Qxg5+ Kh8 38. Ka2 Rb8 39. Rb1 Qxb3+ 40. Ka1 Rf1 41. Qd2 Rxb1+ 42. Nxb1 Qa4+ 43. Na3 Rg8 44. Qc2 Rg1+ 45. Ka2 Qd7 46. h5 Qg7 47. Qb3 1-0